| 000 | 00645nam a22002177a 4500 | ||
|---|---|---|---|
| 005 | 20260515114929.0 | ||
| 008 | 220922b ||||| |||| 00| 0 eng d | ||
| 020 | _a9788194692461 | ||
| 040 |
_aIN-DiNC _cIN-DiNC |
||
| 041 | _dasm | ||
| 082 |
_a301.0954 _bBOR |
||
| 100 |
_aBorah, Rajen _eauthor |
||
| 245 |
_aBharatiya samaj: _bdrishyapat aru bastav swarup/ _cby Rajen Borah, Pankaj Boruah and Akhil Borah |
||
| 250 | _a2nd ed. | ||
| 260 |
_aJorhat: _bBidya bhawan, _c2021. |
||
| 300 | _a242p. | ||
| 650 | _aImages and realities of Indian society | ||
| 700 |
_aBoruah, Pankaj _eauthor |
||
| 700 |
_aBorah, Akhil _eauthor |
||
| 942 |
_2ddc _cBK |
||
| 999 |
_c11371 _d11371 |
||